| 000 | 00421nam a22001217a 4500 | ||
|---|---|---|---|
| 082 |
_a363.731 _bNAT _cD |
||
| 245 | _aTransportation Environmental Issues: Air, Noise, Water, Mitigation Processes, and Alternative Fuels | ||
| 260 |
_aWashington, D.C _bNational Research Council _c1994 |
||
| 300 |
_avereable pages _bill. ; _c29 cm |
||
| 526 |
_a0 _b0 _c0 _d363_731000000000000_NAT |
||
| 650 |
_aMCE (D) _938185 |
||
| 942 |
_2ddc _cBK |
||
| 999 |
_c542825 _d542825 |
||